Culture Générale - Série 1126 - Statistiques

Statistiques générales
  • Ce quiz a été pris 97 fois
  • Le résultat moyen est 6 sur 10
Statistiques - réponses
Question Réponse % Correct
La devise des "Trois Mousquetaires" d'Alexandre Dumas est : "Tous pour un, ... un pour tous
99%
Le sigle C.R.S. signifie "compagnie républicaine de... Sécurité
94%
Quel héros de blagues, célèbre dans les cours d'école, porte un surnom synonyme de "pou" ? Toto
82%
Le 29 août 1842, avec quel pays d'Asie la Grande-Bretagne signe-t-elle le traité de Nankin ? Chine
71%
Dans quel pays se déroule l'action du roman d'Albert Camus “La Peste” ? Algérie
69%
Dans la saga "Twilight", quelle créature est en réalité le bel Edward Cullen ? vampire
68%
Quel beignet soufflé, fait de pâte à chou, évoque une religieuse flatulente ? pet-de-nonne
62%
Quelle tour de la ville de Bergues, à l'honneur dans "Bienvenue chez les Ch'tis", est classée au patrimoine mondial de l'humanité par l'Unesco ? beffroi
50%
Dans la série télé "La Petite Maison dans la prairie", comment se prénomme la fille biologique de Madame Oleson ? Nellie
23%
Quel gaz est découvert par l'inventeur de la pile électrique Alessandro Volta, en 1778 ? méthane
8%
Aucun quiz correspondant
Distribution des résultats
% des personnes avec chaque résultat
Percentile par nombre de réponses
Votre historique - résultats
Vous n’avez pas pris ce quiz